000 00634nam a2200217 4500
003 OSt
005 20170405154653.0
008 170405b xxu||||| |||| 00| 0 eng d
020 _a0340411260
040 _c040a
082 _aWY 101
_bN1937 1992
245 _aNursing practice and health care /
_cSusan M. Hinchliff, Susan E Norman, Jane E Schober
260 _aLondon
_bEdward Arnold
_c1992
300 _aviii, 741p;
_bill :
_c28 cm.
504 _aIncludes index
650 _aNursing
_9135
700 _aHinchliff, Susan M.
_912077
700 _aNorman, Susan E.
_912078
700 _aSchober, Jane E.
_912079
942 _2z
_cO_SHELF
999 _c5815
_d5815